Nozzle design considerations in airjet texturing (Record no. 49768)

MARC details
000 -LEADER
fixed length control field 00324nam a2200133Ia 4500
008 - FIXED-LENGTH DATA ELEMENTS--GENERAL INFORMATION
fixed length control field 230917s9999||||xx |||||||||||||| ||und||
040 ## - CATALOGING SOURCE
-- 93666
Original cataloging agency VIVEKANANDA LIBRARY
041 ## - Language
-- English
082 ## - DDC NUMBER
Classification number 677 M426N
100 ## - MAIN ENTRY--PERSONAL NAME
Personal name Mathur, Sandeep
245 #0 - TITLE STATEMENT
Title Nozzle design considerations in airjet texturing
300 ## - PHYSICAL DESCRIPTION
Pages 31 p.
942 ## - ADDED ENTRY ELEMENTS (KOHA)
Koha item type Thesis
Holdings
Withdrawn status Lost status Damaged status Not for loan Location (home branch) Sublocation or collection (holding branch) Shelving location Date acquired Koha issues (times borrowed) Koha full call number Accession No. Koha date last seen Koha item type
        VIVEKANANDA LIBRARY VIVEKANANDA LIBRARY Reference 26/06/2003   677 M426N 117829 17/09/2023 Thesis
© Designed and Maintained by Vivekananda Library, MDU Rohtak